[Event "Mediterranean Flower (Women) 20th"]
[Site "Rijeka"]
[Date "2020.03.04"]
[Round "5"]
[White "Eryshkanova, Anastasiya"]
[Black "Vujnovic, Patricija"]
[Result "1-0"]
[WhiteElo "2189"]
[BlackElo "2103"]
[PlyCount "179"]
[EventDate "2020.03.01"]
[EventType "tourn"]
[EventRounds "9"]
[EventCountry "CRO"]
[SourceTitle "CBM 195 Extra"]
[Source "ChessBase"]
[SourceDate "2020.05.31"]
[SourceVersion "1"]
[SourceVersionDate "2020.05.31"]
[SourceQuality "1"]

1. Nf3 Nf6 2. c4 e6 3. g3 d5 4. Bg2 Be7 5. 0-0 0-0 6. d4 dxc4 7. Ne5 Nc6 8. Bxc6 bxc6 9. Nxc6 Qe8 10. Nxe7+ Qxe7 11. Nc3 e5 12. dxe5 Qxe5 13. Bf4 Qh5 14. Qd4 Be6 15. f3 Rfd8 16. Qf2 Qa5 17. Rfd1 h6 18. a3 Rab8 19. Kg2 Rxd1 20. Nxd1 Nd5 21. Be5 Rb3 22. Bd4 Nb6 23. Bc3 Qd5 24. a4 c5 25. Qe3 Qd7 26. Qd2 Nd5 27. Ba5 Qb7 28. Rc1 Qa6 29. Nf2 Nb4 30. Bc7 Nd5 31. Be5 Qxa4 32. Ne4 Qb4 33. Bc3 Nxc3 34. Qd8+ Kh7 35. bxc3 Qb6 36. Qe7 Rb2 37. Kf2 Qc6 38. Qxa7 Bf5 39. Nxc5 Qd5 40. Ne4 Bxe4 41. fxe4 Qxe4 42. Qe3 Qf5+ 43. Qf3 Qh3 44. Kg1 Qe6 45. Kf2 Rb5 46. g4 Qe5 47. Qg3 Qe6 48. Qf3 Re5 49. Rd1 Re4 50. Rd4 Re5 51. Rf4 f6 52. Rd4 Qb6 53. h3 Qe6 54. e3 Qa6 55. Qe2 Ra5 56. Qxc4 Qb7 57. Qd3+ f5 58. e4 Ra2+ 59. Kf3 Qb2 60. exf5 Qg2+ 61. Kf4 Qh2+ 62. Ke4 Re2+ 63. Kd5 Re5+ 64. Kc6 Qg2+ 65. Rd5 Rxd5 66. Qxd5 Qxh3 67. c4 Qxg4 68. c5 Qa4+ 69. Kd6 Qf4+ 70. Kd7 Qa4+ 71. c6 h5 72. Qd3 Kh6 73. Qd6+ Kg5 74. Ke7 Qe4+ 75. Qe6 Qf4 76. Qg6+ Kh4 77. Kd7 Qd4+ 78. Qd6 Qa4 79. Kd8 Kg4 80. c7 Qa5 81. Qe6 Kf4 82. Kd7 Qa7 83. Kd8 Qa5 84. Qd7 h4 85. Ke8 Qe5+ 86. Kf7 Qf6+ 87. Kg8 g5 88. c8Q h3 89. Qc4+ Ke5 90. Qdd5# 1-0